Ben Folds Studio Albums - Statistics

General Stats
  • This quiz has been taken 22 times
  • The average score is 5 of 10
Answer Stats
Hint Answer % Correct
2001 Rockin' the Suburbs
83%
1995 Ben Folds Five
75%
1997 Whatever and Ever Amen
75%
2005 Songs For Silverman
50%
1999 The Unauthorized Biography of Reinhold Messner
50%
2023 What Matters Most
50%
2015 So There
42%
2008 Way to Normal
42%
2012 The Sound of the Life of the Mind
33%
2010 Lonely Avenue
25%
No matching quizzes found
Score Distribution
Percent of People with Each Score
Percentile by Number Answered
Your Score History
You have not taken this quiz